000
00308 a2200133 4500
001
155846
040
_c
Escola São Tomás de Aquino
100
_a
FLORES, Nina
240
1
0
_a
A árvore de Julinha
_l
por
245
1
0
_a
A árvore de Julinha
362
0
_a
2013
697
_a
FILOSOFIA E PSICOLOGIA
942
_c
BK
999
_c
155846
_d
155846